| 000 | 01265nam a2200229Ia 4500 | ||
|---|---|---|---|
| 001 | L235-9006 | ||
| 003 | IT-CnALBA | ||
| 008 | 170116s9999||||xx |||||||||||||| ||und|| | ||
| 040 |
_aIT-CnALBA _cIT-CnALBA |
||
| 041 | _aLATINO - MULTILINGUE | ||
| 100 | _aVICENTINA | ||
| 245 | 0 | _aBEATIFICATIONI ET CANONIZATIONIS SERVI DEI IOACHIM MARIAE STEVAN NOVITII OSM. 1921-1949. VOTA THEOLOGORUM SUPER SCR | |
| 250 | _a1a ed. | ||
| 260 |
_a ROMA _bBELLI E GUERRA TIPOGRAFIA _c1968 [1° Ed.:1968 - Ed.Ling.Originale: 1968] |
||
| 300 | _a16 p. | ||
| 500 | _aCONGREGAZIONE DEI RITI. CARDINALE MICHELE BROWNE, PONENTE. BIOGRAFIA. SCRITTI DEL SERVO DI DIO. VOTI DEI TEOLOGI CENSORI. CAUSA DI BEATIFICAZIONE E CANONIZZAZIONE DEL SERVO DI DIO GIOACHINO MARIA STEVAN, NOVIZIO DEI SERVI DI MARIA. 1921 1949. | ||
| 501 | _aSocietà San Paolo EM - Piazza San Paolo, 14 - 12051 ALBA (CN) (non commercial uses only) ® Copyright 2017 | ||
| 520 | _aCONGREGAZIONE DEI RITI. CARDINALE MICHELE BROWNE, PONENTE. BIOGRAFIA. SCRITTI DEL SERVO DI DIO. VOTI DEI TEOLOGI CENSORI. CAUSA DI BEATIFICAZIONE E CANONIZZAZIONE DEL SERVO DI DIO GIOACHINO MARIA STEVAN, NOVIZIO DEI SERVI DI MARIA. 1921 1949. | ||
| 650 | _aMARIA SS. ANGELI SANTI DEMONI | ||
| 942 | _cBK | ||
| 957 | _71 | ||
| 999 |
_a9982 _bNO _g Copie: 1 _c268182 _d268182 |
||